000 01122nas a2200361 4500
001 BR0804470
003 BR-BrBNA
005 20231205112346.0
007 ta
008 230509b bl.|||p| |||| 00| 00por d
040 _aBR-BrBNA
_bpor
_cBiblioteca Nacional de Agricultura
041 _a(Pt)
072 _aQ53
100 1 _aCoan, R.M.
100 1 _aReis, R.A.
100 1 _aGarcia, G.R.
100 1 _aSchocken-Iturrino, F. do A.
100 1 _aFerreira, D. de S.
100 1 _aResende, F.D. de
100 1 _aGurgel, F. do A.
245 1 _aDinâmica fermentativa e microbiológica de silagens dos capins tanzânia e marandu acrescidas de polpa cítrica peletizada
650 _aPANICUM MAXIMUM
650 _aBRACHIARIA BRIZANTHA
650 _aSILAGEM
650 _aPOLPA
650 _aFRUTA CÍTRICA
650 _aMICROBIOLOGIA DE ALIMENTO
650 _aFERMENTAÇÃO
650 _aBACTÉRIA
773 0 _tRevista Brasileira de Zootecnia (Brazil)
_xISSN 1516-3598
_g(Sep-Oct 2007), v. 36(5)suplemento p. 1502-1511
_wBR0804470
909 _a202311
_bLúcia
_c55
_dLúcia Elande
942 _2AGRIS
_n0
_cANA
999 _c197617
_d197617